=LDR 00000nam 2200000 4500 =001 INLIS000000000035756 =005 20130612141606 =008 ***********************************Ind** =035 ##$$0010-061300000035756 =041 ##$$a Ind =082 ##$$a 420.7 =090 ##$$a 420.7, Sit b =100 ##$$a Djuwariyah, siti =245 ##$$a Bahasa Inggris 1, Untuk SMK Tingkat 1, Dra. Siti Djuwariyah =260 ##$$a 2002 $b Surakarta =300 ##$$a vii, 80 hlm, ilus, 29 cm =650 ##$$a Bahasa Inggris =850 ##$$a NBPNMAT =990 ##$$a 0001/BPAP-NTB/20142015